Ultimate Arsenal - Statistiques

Statistiques générales
  • Ce quiz a été pris 9 fois
  • Le résultat moyen est 56 sur 146
Statistiques - réponses
Nom Poste Période Matchs Buts Nationalité % Correct
Thierry Henry Attaquant 1999-2007 377 228 France
100%
Patrick Vieira Milieu 1996-2005 407 33 France
89%
Alexis Sánchez Attaquant 2014-2018 165 80 Chili Chili
78%
Fábio Vieira Milieu 2022-.... 49 3 Portugal Portugal
78%
Gabriel Martinelli Attaquant 2019-.... 214 48 Brésil
78%
Gaël Clichy Défenseur 2003-2011 264 2 France
78%
Olivier Giroud Attaquant 2012-2018 253 105 France
78%
Pierre-Emerick Aubameyang Attaquant 2018-2022 162 92 Gabon Gabon / France
78%
Alexandre Lacazette Attaquant 2017-2022 206 71 France
67%
Bacary Sagna Défenseur 2007-2014 284 5 France
67%
Bukayo Saka Attaquant 2018-.... 221 63 Angleterre
67%
Cesc Fàbregas Milieu 2003-2011 303 57 Espagne
67%
Declan Rice Milieu 2023-.... 94 14 Angleterre
67%
Dennis Bergkamp Attaquant 1995-2006 423 121 Pays-bas
67%
Fredrik Ljungberg Milieu 1998-2007 328 72 Suède
67%
Kolo Touré Défenseur 2002-2009 326 14 Côte d'Ivoire
67%
Petr Čech Gardien 2015-2019 139 0 la Tchéquie République tchèque
67%
Robert Pirès Attaquant 2000-2006 284 84 France
67%
Robin van Persie Attaquant 2004-2012 278 133 Pays-bas
67%
William Saliba Défenseur 2019-.... 126 7 France
67%
Aaron Ramsdale Gardien 2021-2024 89 0 Angleterre
56%
Abou Diaby Milieu 2006-2015 180 19 France / Côte d'Ivoire
56%
Alex Oxlade-Chamberlain Milieu 2011-2017 198 20 Angleterre
56%
Ben White Défenseur 2021-.... 150 6 Angleterre
56%
David Ospina Gardien 2014-2019 70 0 Colombie
56%
David Raya Gardien 2023-.... 86 0 Espagne
56%
Eddie Nketiah Attaquant 2017-2024 168 38 Angleterre
56%
Héctor Bellerín Défenseur 2013-2022 239 9 Espagne
56%
Jens Lehmann Gardien 2003-2008 199 0 Allemagne
56%
Joel Campbell Attaquant 2011-2018 41 4 Costa Rica
56%
Kieran Tierney Défenseur 2019-.... 135 5 l'Écosse Écosse
56%
Mathieu Flamini Milieu 2004-2008 246 13 France
56%
Mohamed Elneny Milieu 2016-2024 159 6 l'Égypte Égypte
56%
Nicolas Anelka Attaquant 1997-1999 90 28 France
56%
Shkodran Mustafi Défenseur 2016-2021 150 9 Allemagne
56%
Sol Campbell Défenseur 2001-2006 213 12 Angleterre
56%
Sylvain Wiltord Attaquant 2000-2004 176 49 France
56%
Aaron Ramsey Milieu 2008-2019 369 64 Pays de Galles
44%
Alex Iwobi Attaquant 2015-2019 149 15 Nigeria Nigeria
44%
Andreï Archavine Attaquant 2009-2013 144 31 Russie
44%
Bernd Leno Gardien 2018-2022 125 0 Allemagne
44%
Emiliano Martínez Gardien 2012-2020 38 0 Argentine
44%
Emmanuel Petit Milieu 1997-2000 118 11 France
44%
Gabriel Jesus Attaquant 2022-.... 96 26 Brésil
44%
Granit Xhaka Milieu 2016-2023 297 23 la Suisse Suisse
44%
Henrikh Mkhitaryan Milieu 2018-2020 59 9 l'Arménie Arménie
44%
Jack Wilshere Milieu 2008-2018 197 14 Angleterre
44%
Jurriën Timber Défenseur 2023-.... 46 2 Pays-bas
44%
Laurent Koscielny Défenseur 2010-2019 353 27 France
44%
Leandro Trossard Attaquant 2023-.... 114 24 Belgique
44%
Manuel Almunia Gardien 2004-2012 175 0 Espagne
44%
Marouane Chamakh Attaquant 2010-2013 63 15 Maroc
44%
Martin Ødegaard Milieu 2021-.... 182 39 la Norvège Norvège
44%
Mesut Özil Milieu 2013-2021 254 44 Allemagne
44%
Nacho Monreal Défenseur 2013-2019 251 10 Espagne
44%
Nicolas Pépé Attaquant 2019-2023 111 27 Côte d'Ivoire
44%
Oleksandr Zinchenko Défenseur 2022-.... 85 3 l'Ukraine Ukraine
44%
Per Mertesacker Défenseur 2011-2018 221 10 Allemagne
44%
Santi Cazorla Milieu 2012-2018 180 29 Espagne
44%
Sead Kolašinac Défenseur 2017-2022 118 5 la Bosnie-Herzégovine Bosnie-Herzégovine
44%
Theo Walcott Milieu 2006-2018 397 108 Angleterre
44%
Thomas Partey Milieu 2020-.... 159 8 Ghana Ghana
44%
Thomas Vermaelen Défenseur 2009-2014 150 15 Belgique
44%
Tomáš Rosický Milieu 2006-2016 246 28 République tchèque
44%
William Gallas Défenseur 2006-2010 142 17 France
44%
Wojciech Szczesny Gardien 2009-2017 181 0 Pologne
44%
Alexander Hleb Milieu 2005-2008 130 11 Biélorussie
33%
Alex Song Milieu 2005-2012 204 10 Cameroun
33%
Ashley Cole Défenseur 1999-2006 228 9 Angleterre
33%
Carlos Vela Attaquant 2006-2012 62 11 Mexique Mexique
33%
Cedric Soares Défenseur 2020-2024 64 2 Portugal Portugal
33%
Dani Ceballos Milieu 2019-2021 77 2 Espagne
33%
Edu Milieu 2001-2005 127 16 Brésil
33%
Eduardo da Silva Attaquant 2007-2010 69 22 Brésil
33%
Emile Smith-Rowe Milieu 2018-2024 101 17 Angleterre
33%
Emmanuel Adebayor Attaquant 2006-2009 142 62 Togo Togo /  Nigeria Nigeria
33%
Emmanuel Eboué Défenseur 2004-2011 215 10 Côte d'Ivoire
33%
Folarin Balogun Attaquant 2020-2023 10 2 s États-Unis États-Unis
33%
Francis Coquelin Milieu 2008-2018 150 0 France
33%
Gabriel Magalhães Défenseur 2020-.... 210 20 Brésil
33%
Gilberto Silva Milieu 2002-2008 244 24 Brésil
33%
Joe Willock Milieu MC MD 2017-2021 78 11 Angleterre
33%
Johan Djourou Défenseur 2004-2014 144 1 Suisse
33%
Jorginho Milieu 2023-.... 77 2 l'Italie Italie
33%
Kai Havertz Milieu 2023-.... 85 29 Allemagne
33%
Kerrea Gilbert Défenseur DD 2005-2010 13 0 Angleterre
33%
Kieran Gibbs Défenseur 2007-2017 230 6 Angleterre
33%
Kim Källström Milieu 2014 4 0 Suède
33%
Lucas Torreira Milieu 2018-2022 89 5 l'Uruguay Uruguay
33%
Lukas Podolski Attaquant 2012-2015 82 31 Allemagne
33%
Mathieu Debuchy Défenseur 2014-2018 30 2 France
33%
Mattéo Guendouzi Milieu 2018-2022 82 1 France
33%
Mikel Merino Milieu 2024-.... 36 8 Espagne
33%
Nicklas Bendtner Attaquant 2005-2014 171 47 Danemark
33%
Raheem Sterling Attaquant 2024-.... 24 1 Angleterre
33%
Riccardo Calafiori Défenseur 2024-.... 26 3 l'Italie Italie
33%
Samir Nasri Milieu 2008-2011 125 27 France
33%
Sokrátis Papastathópoulos Défenseur 2018-2021 69 6 Grèce
33%
Stephan Lichtsteiner Défenseur 2018-2019 23 1 la Suisse Suisse
33%
Takehiro Tomiyasu Défenseur 2021-.... 84 2 Japon Japon
33%
Albert Lokonga Milieu 2021-.... 39 0 Belgique
22%
André Santos Défenseur 2011-2013 33 3 Brésil
22%
Armand Traoré Défenseur 2006-2011 32 0 Sénégal
22%
Danny Welbeck Attaquant 2014-2019 126 32 Angleterre
22%
David Luiz Défenseur 2019-2021 73 4 Brésil
22%
Denilson Milieu 2006-2013 153 11 Brésil
22%
Denis Suarez Milieu 2019 6 0 Espagne
22%
Ethan Nwaneri Milieu 2022-.... 33 8 Angleterre
22%
Gervinho Attaquant 2011-2013 63 11 Côte d'Ivoire
22%
Ismaël Bennacer Attaquant 2015-2017 2 0 Algérie
22%
Jakub Kiwior Défenseur 2023-.... 58 2 Pologne
22%
José Antonio Reyes Attaquant 2004-2006 110 23 Espagne
22%
Lassana Diarra Milieu 2007 13 0 France
22%
Lauren Défenseur 2000-2006 241 13 Cameroun
22%
Lucas Pérez Attaquant 2016-2018 21 7 Espagne
22%
Lukasz Fabianski Gardien 2007-2014 78 0 Pologne
22%
Mikaël Silvestre Défenseur 2008-2010 43 3 France
22%
Mikel Arteta Milieu 2011-2016 150 16 Espagne
22%
Myles Lewis-Skelly Milieu 2024-.... 29 1 Angleterre
22%
Nuno Tavares Défenseur 2021-.... 27 1 Portugal Portugal
22%
Pablo Marí Défenseur 2020-2023 21 1 Espagne
22%
Pascal Cygan DC 2002-2006 98 3 France
22%
Philippe Senderos Défenseur 2003-2010 114 4 Suisse
22%
Reiss Nelson Attaquant 2017-.... 88 8 Angleterre
22%
Rob Holding Défenseur 2016-2023 161 5 Angleterre
22%
Sébastien Squillaci Défenseur 2010-2013 39 2 France
22%
Serge Gnabry Milieu 2012-2016 18 1 Allemagne
22%
Vito Mannone Gardien 2006-2013 23 0 l'Italie Italie
22%
Willian Attaquant 2020-2021 37 1 Brésil
22%
Yaya Sanogo Attaquant 2013-2017 20 1 France
22%
Yossi Benayoun Milieu 2011-2012 25 6 Israël
22%
Ainsley Maitland-Niles Milieu 2014-2023 131 3 Angleterre
11%
Calum Chambers Défenseur 2014-2022 122 5 Angleterre
11%
Carl Jenkinson Défenseur 2011-2019 70 1 Angleterre
11%
Chuba Akpom Attaquant 2013-2018 12 0 Angleterre
11%
Gabriel Paulista Défenseur 2015-2017 64 1 Brésil
11%
Giovanni van Bronckhorst Milieu 2001-2004 64 2 Pays-bas
11%
Jeff Reine-Adélaïde Milieu 2015-2018 8 0 France
11%
Jérémie Aliadière Attaquant 2001-2007 51 9 France
11%
Julio Baptista Attaquant 2006-2007 35 10 Brésil
11%
Craig Eastmond Défenseur / MDC 2009-2013 10 0 Angleterre
0%
Emmanuel Frimpong Milieu 2011-2014 16 0 Ghana
0%
Fran Mérida Milieu 2007-2010 16 2 Espagne
0%
Ignasi Miquel Défenseur 2011-2014 14 1 Espagne
0%
Justin Hoyte Défenseur DD 2003-2008 68 1 Angleterre
0%
Konstantínos Mavropános Défenseur 2018-2022 8 0 la Grèce Grèce
0%
Aucun quiz correspondant
Distribution des résultats
% des personnes avec chaque résultat
Percentile par nombre de réponses
Votre historique - résultats
Vous n’avez pas pris ce quiz